• 首页
  • 本馆介绍
  • 公告通知
  • 最新文献
  • 馆藏检索
  • 电子资源
  • 读者导购
  • 参考咨询
  • 我的图书馆
  • 登录
  • 详细信息显示
  • 放入我的书架
  • 预约/预借图书
  • 作者相关作品
  • 分类相关作品
  • 丛书相关作品
  • 出版社相关作品

书目信息

  • 表格格式
  • 工作单格式
  • 卡片格式
题名:
西方史学史
    
 
作者: 张广智 著
分册:  
出版信息: 上海   复旦大学出版社  2004
页数: 13,402页
开本: 23cm
丛书名: 博学·史学系列
单 册:
中图分类: K091
科图分类:
主题词: 史学史--西方国家--高等教育--教材 , 史学史
电子资源:
ISBN: 7-309-04055-4
000 01203oam2 2200313 450
001 010000004226
005 20070726154608.10
010    @a7-309-04055-4@dCNY35.00
100    @a20050624d2004 ekmy0chiy0120 ea
101 0  @achi
102    @aCN@b310000
105    @aa az 000yy
200 1  @a西方史学史@9xi fang shi xue shi@f张广智主著@Fzhang guang zhi zhu zhu
205    @a2版
210    @a上海@c复旦大学出版社@d2004
215    @a13,402页@c图@d23cm
225 2  @a博学·史学系列
300    @a普通高等教育“十五”国家级规划教材 面向21世纪课程教材
314    @a张广智,1939年生,籍贯江苏海门,自幼在上海求学,1964年毕业于复旦大学历史系,即师从耿淡如先生,完成了西方史学史方向的研究生学业,现为复旦大学历史系教授,博士生导师。
320    @a有书目:第395-399页
330    @a本书阐述起自古希腊迄至现当代的西方史学;从历史环境中考察西方各个时期的史家、世著、史学思潮和流派等,揭示西方史学理论与方法论的演进与变革,从而阐明西方史学思想的发展概貌。
461  0 @12001 @a博学·史学系列
606 0  @a史学史@y西方国家@x高等教育@j教材
606 0  @a史学史
690    @aK091@v4
701  0 @a张广智@9zhang guang zhi@4著
801  0 @aCN@bNLC@c20070726
905    @a10447@dK091@e31=2
999    @aWJ
    
    西方史学史/张广智主著.-2版.-上海:复旦大学出版社,2004
    13,402页:图;23cm.-(博学·史学系列)
    普通高等教育“十五”国家级规划教材 面向21世纪课程教材
    
    ISBN 7-309-04055-4:CNY35.00
    本书阐述起自古希腊迄至现当代的西方史学;从历史环境中考察西方各个时期的史家、世著、史学思潮和流派等,揭示西方史学理论与方法论的演进与变革,从而阐明西方史学思想的发展概貌。
●
相关链接 在E读中查询图书 在五车中查询图书 在当当中查询图书 在豆瓣中查询图书


正题名:西方史学史     索取号:K091/31=2         预约/预借

序号 登录号 条形码 馆藏地/架位号 状态 备注
1 0369859   203698597   第二样本阅览室/ [索取号:K091/31=2] 在馆    
2 0369860   203698604   第二借阅区/ [索取号:K091/31=2] 在馆    
3 0369861   203698613   第二借阅区/ [索取号:K091/31=2] 在馆    
4 0369862   203698622   第二借阅区/ [索取号:K091/31=2] 在馆    
5 0369863   203698631   第二借阅区/ [索取号:K091/31=2] 在馆    
6 0372570   203725709   第二借阅区/ [索取号:K091/31=2] 在馆    
7 0372571   203725718   第二借阅区/ [索取号:K091/31=2] 在馆    
8 0372572   203725727   第二借阅区/ [索取号:K091/31=2] 在馆    
9 0372573   203725736   第二借阅区/ [索取号:K091/31=2] 在馆    
10 0372574   203725745   第二借阅区/ [索取号:K091/31=2] 在馆    
11 0778280   207782808   密集书库/ [索取号:K091/31=2] 在馆    
12 0778848   207788483   密集书库/ [索取号:K091/31=2] 在馆    
13 0778867   207788679   密集书库/ [索取号:K091/31=2] 在馆    
14 0778890   207788900   密集书库/ [索取号:K091/31=2] 在馆    
15 0787695   207876958   密集书库/ [索取号:K091/31=2] 在馆    
唐山师范学院图书馆 欢迎您!
大连网信软件有限公司© 版权所有